European Union politics / (Record no. 12452)
[ view plain ]
| 000 -LEADER | |
|---|---|
| fixed length control field | 02517cam a2200349 a 4500 |
| 001 - CONTROL NUMBER | |
| control field | 13269223 |
| 005 - DATE AND TIME OF LATEST TRANSACTION | |
| control field | 20060722154601.0 |
| 008 - FIXED-LENGTH DATA ELEMENTS--GENERAL INFORMATION | |
| fixed length control field | 030710s2003 enka 001 0 eng |
| 010 ## - LIBRARY OF CONGRESS CONTROL NUMBER | |
| LC control number | 2003271852 |
| 015 ## - NATIONAL BIBLIOGRAPHY NUMBER | |
| National bibliography number | GBA2-T7869 |
| 020 ## - INTERNATIONAL STANDARD BOOK NUMBER | |
| International Standard Book Number | 0199248362 |
| 035 ## - SYSTEM CONTROL NUMBER | |
| System control number | (OCoLC)ocm51108423 |
| 040 ## - CATALOGING SOURCE | |
| Original cataloging agency | UKM |
| Transcribing agency | UKM |
| Modifying agency | J2H |
| -- | DLC |
| 042 ## - AUTHENTICATION CODE | |
| Authentication code | lccopycat |
| 043 ## - GEOGRAPHIC AREA CODE | |
| Geographic area code | e------ |
| 050 00 - LIBRARY OF CONGRESS CALL NUMBER | |
| Classification number | JN30 |
| Item number | .E9419 2003 |
| 082 00 - DEWEY DECIMAL CLASSIFICATION NUMBER | |
| Classification number | 341.2422 |
| Edition number | 22 |
| Item number | EUR |
| 245 00 - TITLE STATEMENT | |
| Title | European Union politics / |
| Statement of responsibility, etc | Edited by Michelle Cini. |
| 260 ## - PUBLICATION, DISTRIBUTION, ETC. (IMPRINT) | |
| Place of publication, distribution, etc | Oxford : |
| Name of publisher, distributor, etc | Oxford University Press, |
| Date of publication, distribution, etc | c2003. |
| 300 ## - PHYSICAL DESCRIPTION | |
| Extent | xxvii, 450 p. : |
| Other physical details | ill. ; |
| Dimensions | 25 cm. |
| 504 ## - BIBLIOGRAPHY, ETC. NOTE | |
| Bibliography, etc | Includes bibliographical references and index. |
| 505 0# - FORMATTED CONTENTS NOTE | |
| Formatted contents note | The European Community : from 1945 to 1985 / Derek W. Urwin -- The single market / Michelle Egan -- Towards European union / David Phinnemore -- Federalism and federation / Michael Burgess -- Neo-functionalism / Carsten Str�by Jensen -- Intergovernmentalism / Michelle Cini -- New theories of European integration / Ben Rosamond -- The European Commission / Morten Egeberg -- The Council of the European Union / Jeffrey Lewis -- The European Parliament / Roger Scully -- The Community courts / Anthony Arnull -- Interest groups and the European Union / Rainer Eising -- EU enlargement / John K. Glenn -- EU external relations / Karen E. Smith -- The Common Agricultural Policy / Eve Fouilleux -- The EU's social dimension / Gerda Falkner -- Regional Europe / Angela K. Bourne -- Justice and Home Affairs / Emek M. U�carer -- Economic and Monetary Union / Amy Verdun -- Europeanisation / Johan P. Olsen -- Implementation / Michelle Cini -- EU democracy and the democratic deficit / Dimitris N. Chryssochoou -- Differentiated integration / Kerstin Junge -- Citizenship / Antje Wiener. |
| 610 20 - SUBJECT ADDED ENTRY--CORPORATE NAME | |
| Corporate name or jurisdiction name as entry element | European Union |
| 9 (RLIN) | 8209 |
| 650 #0 - SUBJECT ADDED ENTRY--TOPICAL TERM | |
| Topical term or geographic name as entry element | European Union countries |
| 9 (RLIN) | 8210 |
| 651 #0 - SUBJECT ADDED ENTRY--GEOGRAPHIC NAME | |
| Geographic name | European Union countries |
| General subdivision | Politics and government |
| 9 (RLIN) | 8211 |
| 700 1# - ADDED ENTRY--PERSONAL NAME | |
| Personal name | Cini, Michelle. |
| 9 (RLIN) | 8212 |
| 856 42 - ELECTRONIC LOCATION AND ACCESS | |
| Materials specified | Publisher description |
| Uniform Resource Identifier | <a href="http://www.loc.gov/catdir/enhancements/fy0615/2003271852-d.html">http://www.loc.gov/catdir/enhancements/fy0615/2003271852-d.html</a> |
| 856 41 - ELECTRONIC LOCATION AND ACCESS | |
| Materials specified | Table of contents only |
| Uniform Resource Identifier | <a href="http://www.loc.gov/catdir/enhancements/fy0615/2003271852-t.html">http://www.loc.gov/catdir/enhancements/fy0615/2003271852-t.html</a> |
| 942 ## - ADDED ENTRY ELEMENTS (KOHA) | |
| Source of classification or shelving scheme | Dewey Decimal Classification |
| Item type | Book - Borrowing |
| Withdrawn status | Item status | Source of classification or shelving scheme | Damaged status | Not for loan | Vendor | Home library | Current library | Shelving location | Date acquired | Source of acquisition | Total Checkouts | Total Renewals | Full call number | Barcode | Date last seen | Date last borrowed | Koha item type |
|---|---|---|---|---|---|---|---|---|---|---|---|---|---|---|---|---|---|
| Dewey Decimal Classification | Donation-Gift | Central Library | Central Library | First floor | 28/07/2009 | Donation | 13 | 44 | 341.2422 EUR | 000017601 | 24/11/2025 | 14/10/2024 | Book - Borrowing |